Political disaffection and democratization history in new democacies /

保存先:
書誌詳細
第一著者: Torcal, Mariano
フォーマット: テキスト
言語:Spanish
出版事項: New York: Routledge
主題:
タグ: タグ追加
タグなし, このレコードへの初めてのタグを付けませんか!

MARC

LEADER 00000 a a2200000 04500
001 36039
003 cru IIS
005 20230629132827.0
008 230629b |||||||| |||| 00| 0 spa d
020 |a 0-415-34066-7  
040 |c CRAI/IIS 
090 |a 0002 T67c  
100 |a Torcal, Mariano  |9 11480 
245 |a Political disaffection and democratization history in new democacies /  |c Mariano Torcal  
260 |a New York:   |b Routledge  
300 |a 157-189 p.  
650 |a DEMOCRACIA  
650 |a DESAFECCION POLITICA  
650 |a TEORIA POLITICA  
773 0 |0 299  |9 1263  |a Torcal, Mariano   |d New York: Routledge   |o 03241  |t Political disaffection in comtemporary democracies: social capital, institutions, and politics /  |w (cru CIDCACS/IIS)36037  |z 0415340667  
942 |2 ddc  |c LI 
999 |c 12487  |d 12487